| 000 | 01136cam a2200325 a 4500 | ||
|---|---|---|---|
| 001 | 14502094 | ||
| 003 | OSt | ||
| 005 | 20231205150252.0 | ||
| 008 | 060816s2009 maua b 001 0 eng | ||
| 010 | _a 2006049619 | ||
| 015 |
_aGBA870528 _2bnb |
||
| 016 | 7 |
_a014626596 _2Uk |
|
| 020 | _a0321387007 | ||
| 020 | _a9780321387004 | ||
| 035 | _a(OCoLC)71006826 | ||
| 035 | _a(OCoLC)ocm71006826 | ||
| 040 |
_aDLC _cDLC _dYDX _dBTCTA _dYDXCP _dBAKER _dUKM _dDLC |
||
| 050 | 0 | 0 |
_aQA21 _b.K33 2009 |
| 082 | 0 | 0 |
_a510.9 _bKAT/H |
| 100 | 1 |
_aKatz, Victor J. _99623 |
|
| 245 | 1 | 2 |
_aA history of mathematics : _ban introduction / _cVictor J. Katz. |
| 250 | _a3rd ed. | ||
| 260 |
_aBoston : _bAddison-Wesley, _cc2009. |
||
| 300 |
_axvi, 976 p. : _bill. ; _c24 cm. |
||
| 504 | _aIncludes bibliographical references and index. | ||
| 650 | 0 |
_aMathematics _xHistory. |
|
| 906 |
_a7 _bcbc _corignew _d1 _eocip _f20 _gy-gencatlg |
||
| 942 |
_2ddc _cBK _h510.9 _iKAT/H _k510.9 _mKAT/H |
||
| 999 |
_c43799 _d43799 |
||